000 00412nam a22001577a 4500
003 OSt
005 20240418162006.0
008 240418b |||||||| |||| 00| 0 eng d
040 _cMRSPTU
100 _aJagtar (ਜਗਤਾਰ)
245 _aChonvin Kavita (ਚੋਣਵੀਂ ਕਵਿਤਾ)
250 _a1st
260 _aPunjab
_bDirector Education Department
_c1995
300 _a199
942 _2ddc
_cBK
_n0
999 _c10095
_d10095